Statistics for The Thrawn Quiz

Click here to take the quiz!

General Stats

  • This quiz has been taken 25 times
  • The average score is 5 of 12

Answer Stats

HintAnswer% Correct
SpeciesChiss
100%
Eye colourRed
100%
Liaison (canon)Eli Vanto
67%
FlagshipChimaera
58%
Personal project reguarding upgrade of tie fightersTIE Defender
58%
HomeplanetCsilla
42%
Who betrayed himRukh
42%
Fleet he used to defeat Phoenix Squadron7
25%
Second in command (legends)Pellion
17%
Force resistant creature he keptYsalamir
17%
Final battleBattle of Bilbringi
0%
Greatest fearYuuzhan Vong
0%

Score Distribution

Percentile by Number Answered

Percent of People with Each Score

Your Score History

You have not taken this quiz